A hora de Sertório (Registo nº 133)

Detalhes MARC
000 -Etiqueta do registo
Cabeçalho 00722nam0a2200253 4500
005 - Identificador da versão
Campo de controlo 20240813121755.0
010 ## - Número internacional normalizado dos livros (ISBN)
Número (ISBN) 9724115380
021 ## - Número do Depósito Legal
Código do país PT
Número 169360/01
100 ## - Dados gerais de processamento
Dados gerais de processamento 20151001d2001 a e0pory5003 ba
102 ## - Pais de publicação ou produção
País de publicação Portugal
101 0# - Língua de publicação
Língua do texto, banda sonora, etc. Português
215 ## - Descrição física 
Indicação específica da natureza do documento e extensão da espécie 331 p.
200 1# - Titulo e menção de responsabilidade
Título próprio A hora de Sertório
Primeira menção de responsabilidade João Aguiar
225 2# - Colecção 
Título próprio da colecção Finisterra
Informação de outro título da colecção  autores contemporâneos de língua portuguesa
205 ## - Menção da edição
Menção da edição 6ª ed
210 ## - Publicação, Distribuição, etc. 
Lugar da edição, distribuição, etc. Porto
Nome do editor, distribuidor, etc. Asa Editores
Data da publicação, distribuição, etc. 2001
606 ## - Nome comum usado como assunto
Número de registo de entrada de autoridade 0002024
Palavra de ordem Literatura portuguesa
Subdivisão de assunto Romances históricos
Código do sistema CA
675 ## - Classificação Decimal Universal (CDU)
Notação 821.134.3-3116
Edição 3ª ed.
Língua da edição por
700 #1 - Nome de autor-pessoa física (responsabilidade principal)
Número de registo de entrada de autoridade 0002601
Palavra de ordem Aguiar
Outra parte do nome não tomada para palavra de ordem João
Datas 1943-2010
966 ## - Identificação da Biblioteca
Sigla EB2,3ENM
942 ## - Elementos de entrada adicionados (Koha)
Tipo de item no Koha Livro
Exemplares
Situação do levantamento Origin of item (home branch) (coded) Biblioteca de empréstimo Código de barras Cota Circulation type (not for loan) Tipo de documento Nota do exemplar Damaged status
  Biblioteca Escolar Eng. Nuno Mergulhão Biblioteca Escolar Eng. Nuno Mergulhão BENM537 82LP-3 AGU   Livro Sem mensagem